000
00268nam a2200121Ia 4500
005
20251222144832.0
008
251222s9999||||xx |||||||||||||| ||spa||
082
_a
860/R78
100
_a
Rojas, Ricardo
245
0
_a
Retablo espaƱol
264
_b
Losada
942
_c
LIB
999
_c
20884
_d
20884